Countries With Religious Symbols On Their Flag - Statistics

General Stats
  • This quiz has been taken 33 times
  • The average score is 42 of 64
Answer Stats
Religion Country % Correct
Islam Iran
85%
Islam Iraq
85%
Christianity United Kingdom
85%
Judaism Israel
81%
Christianity Norway
81%
Christianity Sweden
81%
Christianity Australia
78%
Islam Saudi Arabia
78%
Islam Turkey
78%
Islam Algeria
74%
Buddhism Bhutan
74%
Christianity Denmark
74%
Christianity Finland
74%
Christianity Greece
74%
Christianity Iceland
74%
Hinduism and Buddhism India
74%
Hinduism and Buddhism Nepal
74%
Christianity New Zealand
74%
Buddhism Sri Lanka
74%
Christianity Tuvalu
74%
Islam Afghanistan
70%
Christianity Fiji
70%
Christianity Malta
70%
Islam Mauritania
70%
Other South Korea
70%
Islam Turkmenistan
70%
Islam Uzbekistan
70%
Islam Azerbaijan
67%
Islam Jordan
67%
Islam Malaysia
67%
Islam Morocco
67%
Islam Pakistan
67%
Christianity Switzerland
67%
Islam Tunisia
67%
Hinduism and Buddhism Cambodia
63%
Other Japan
63%
Islam Libya
63%
Other Mexico
63%
Christianity Serbia
63%
Christianity Slovakia
63%
Christianity Spain
63%
Islam Tajikistan
63%
Other Argentina
59%
Christianity Georgia
59%
Islam Maldives
59%
Christianity Marshall Islands
59%
Other Mongolia
59%
Christianity San Marino
59%
Islam Comoros
56%
Christianity Portugal
56%
Christianity Samoa
56%
Christianity Tonga
56%
Other Uruguay
56%
Christianity Vanuatu
56%
Christianity Andorra
52%
Islam Brunei
52%
Christianity Moldova
52%
Christianity Montenegro
52%
Christianity Dominica
44%
Christianity Dominican Republic
44%
Christianity Liechtenstein
44%
Christianity Papua New Guinea
41%
Islam Bahrain
37%
Christianity Austria
33%
No matching quizzes found
Score Distribution
Percent of People with Each Score
Percentile by Number Answered
Your Score History
You have not taken this quiz